| 000 | 00708nam a22002417a 4500 | ||
|---|---|---|---|
| 001 | 126809 | ||
| 003 | UA-OsUOA | ||
| 005 | 20220108203826.0 | ||
| 007 | ta | ||
| 008 | 20171107b un ||||| |||| 00| 0 ukr d | ||
| 020 | _a966-504-096-0 | ||
| 040 |
_aUA-OsUOA _bukr _cUA-OsUOA _dUA-OsUOA |
||
| 041 | _aukr | ||
| 080 | _a821.161.2 | ||
| 090 |
_a821.161.2 _bВ39 |
||
| 245 |
_aВечеря на дванадцять персон _cупоряд. В. Даниленко |
||
| 260 |
_aК. _bГенеза _c1997 |
||
| 300 | _a544 с. | ||
| 650 | 7 |
_a82 Література. Літературознавство _2UDC |
|
| 942 |
_cBK _2udc |
||
| 955 | _a3 | ||
| 999 |
_c413964 _d413964 |
||